Environmental science: a global concern
Guardat en:
| Autor principal: | |
|---|---|
| Altres autors: | |
| Format: | Llibre |
| Idioma: | anglès |
| Publicat: |
Boston, USA
McGraw Hill
1999
|
| Edició: | Quinta edición |
| Matèries: | |
| Etiquetes: |
Afegir etiqueta
Sense etiquetes, Sigues el primer a etiquetar aquest registre!
|
MARC
| LEADER | 00000nam a2200000 a 4500 | ||
|---|---|---|---|
| 001 | UCO0411 | ||
| 003 | CL-VaPUC | ||
| 005 | 20210728001707.0 | ||
| 008 | 000420e19990000US |||||||||||||||||eng|d | ||
| 999 | |c 287120 |d 287118 | ||
| 040 | |c Pontificia Universidad Católica de Valparaíso | ||
| 082 | 0 | 4 | |a 363.7 CUN 1999 |2 21 |
| 100 | 0 | |a Cunningham, William P |9 441668 | |
| 245 | 1 | 0 | |a Environmental science: a global concern |
| 250 | |a Quinta edición | ||
| 260 | 0 | 3 | |a Boston, USA |b McGraw Hill |c 1999 |
| 300 | |a 650 páginas | ||
| 500 | |a Incluye anexo: Student Study Guide | ||
| 583 | |a last modification |c 20000420 00:00:00 |k Rodrigo Vera | ||
| 650 | 7 | |a CIENCIAS AMBIENTALES |2 CL-VaPUC |9 344897 | |
| 650 | 0 | |a Ecología |9 258124 | |
| 650 | 0 | |a Medio ambiente |9 257625 | |
| 650 | 0 | |a Recursos naturales |9 255232 | |
| 700 | 0 | |a Woodworth Saigo, Bárbara |9 441669 | |
| 942 | |c BK |2 ddc | ||
| 945 | |d 20000420 00:00:00 |a vberengu | ||
| 952 | |0 0 |1 0 |2 ddc |4 0 |6 363_700000000000000_CUN_1999 |7 0 |8 A |9 333546 |a BIBCUR |b BIBCUR |d 2019-11-20 |i 3613380 |l 1 |o 363.7 CUN 1999 |p 3613380 |r 2025-04-22 |s 2022-10-26 |t 1 |w 2019-11-20 |y BK |k BIO | ||